| 000 | 01006nam a2200205 a 4500 | ||
|---|---|---|---|
| 001 | 000040365 | ||
| 005 | 20201002034102.0 | ||
| 008 | 130822s2005 mx 000 0 spa d | ||
| 020 | _a9703223656 | ||
| 040 |
_aDO-SdBNP _bspa _cBNPHU |
||
| 100 | 1 |
_aCastañón, Adolfo _d1952- _912646 |
|
| 245 | 1 | 0 |
_aTrazos para una bibliografía comentada de Alfonso Reyes, con especial atención a su postergada antología mexicana : "En busca del alma nacional" / _cAdolfo Castañón. |
| 260 |
_aMéxico : _bUniversidad Nacional Autónoma de México : _bDifusión Cultural, Dirección General de Publicaciones y Fomen : Academia Mexicana de la Lengua, _c2005. |
||
| 300 |
_a126 p. ; _c18 cm. |
||
| 500 | _aDiscurso de ingreso a la Academía Mexicana de la Lengua, 10 de marzo de 2005.", respuesta de José Luis Martínez | ||
| 504 | _aIncluye referencias bibliográficas y notas al pie de las páginas | ||
| 504 | _aBibliografía : p. 77 - 96 | ||
| 700 | 1 |
_aReyes, Alfonso _912593 |
|
| 700 | 1 |
_aMartíz, José Luis _966664 |
|
| 999 |
_c39855 _d39855 |
||